Les français en Serie A (2020-2026) - Statistiques

Statistiques générales
  • Ce quiz a été pris 44 fois
  • Le résultat moyen est 16 sur 81
Statistiques - réponses
Nb de saisons Clubs Joueur % Correct
5 Milan (2021-2026) Mike Maignan
91%
5 Juventus (2020-2024), Milan (2025-2026) Adrien Rabiot
86%
6 Milan (2020-2024), Juventus (2024-2026) Pierre Kalulu
81%
2 Juventus (2024-2026) Khéphren Thuram
79%
3 Inter (2023-2026) Marcus Thuram
79%
5 Milan (2020-2025) Théo Hernandez
77%
3 Milan (2021-2024) Olivier Giroud
67%
2 Roma (2024-2026) Manu Koné
58%
2 Milan (2024-2026) Youssouf Fofana
58%
3 Lazio (2023-2026) Mattéo Guendouzi
51%
2 Côme (2024-2026) Maxence Caqueret
51%
3 Fiorentina (2020-2021), Salernitana (2021-2023) Franck Ribéry
49%
1 Milan (2025-2026) Christopher Nkunku
47%
4 Sassuolo (2020-2024), Fiorentina (2023-2024) Maxime Lopez
47%
3 Inter (2023-2026) Benjamin Pavard
44%
2 Juventus (2022-2024) Paul Pogba
44%
3 Udinese (2022-2025) Florian Thauvin
42%
3 Sassuolo (2022-2024, 2025-2026) Armand Laurienté
35%
2 Roma (2020-2022) Jordan Veretout
35%
2 Côme (2024-2026) Lucas Da Cunha
33%
1 Roma (2025-2026) Robinio Vaz
28%
3 Milan (2022-2024), Fiorentina (2024-2025) Yacine Adli
28%
2 Côme (2024-2026) Jean Butez
26%
4 Fiorentina (2021-2025), Côme (2024-2025) Jonathan Ikoné
26%
1 Juventus (2024-2025) Randal Kolo Muani
23%
4 Sassuolo (2020-2024) Grégoire Defrel
19%
1 Sassuolo (2025-2026) Darryl Bakola
16%
1 Lecce (2022-2023) Samuel Umtiti
16%
3 Naples (2020-2021), Milan (2021-2023) Tiémoué Bakayoko
16%
1 Roma (2024-2025) Enzo Le Fée
14%
2 Naples (2020-2022), Fiorentina (2020-2021) Kévin Malcuit
14%
2 Juventus (2021-2022), Udinese (2023-2024) Marley Aké
12%
2 Venise (2021-2022), Sampdoria (2022-2023) Michaël Cuisance
9%
2 Udinese (2024-2026) Oumar Solet
9%
1 Lazio (2024-2025) Samuel Gigot
9%
3 Venise (2021-2022), Vérone (2022-2024) Thomas Henry
9%
3 Bologne (2020-2023) Adama Soumaoro
7%
1 Torino (2024-2025) Ali Dembélé
7%
1 Inter (2025-2026) Andy Diouf
7%
3 Udinese (2021-2023), Atalanta (2022-2023), Torino (2023-2024) Brandon Soppy
7%
1 Lecce (2024-2025) Gaby Jean
7%
3 Lecce (2022-2025) Rémi Oudin
7%
2 Torino (2020-2021), Milan (2020-2021), Cremonese (2022-2023) Soualiho Meïté
7%
4 Monza (2022-2025), Milan (2024-2025), Cremonese (2025-2026) Warren Bondo
7%
4 Parme (2020-2021), Torino (2022-2025) Yann Karamoh
7%
2 Lecce (2022-2024) Alexis Blin
5%
2 Udinese (2024-2026) Arthur Atta
5%
1 Lecce (2024-2025) Frédéric Guilbert
5%
1 Udinese (2024-2025) Isaak Touré
5%
3 Udinese (2020-2023) Jean-Victor Makengo
5%
1 Spezia (2020-2021) Lucien Agoumé
5%
2 Cagliari (2020-2021), Pise (2025-2026) Matteo Tramoni
5%
3 Lecce (2023-2026) Mohamed Kaba
5%
1 Fiorentina (2020-2021) Valentin Eysseric
5%
2 Parme (2020-2021, 2024-2025) Wylan Cyprien
5%
1 Côme (2025-2026) Andréa Le Borgne
2%
1 Vérone (2023-2024) Fabien Centonze
2%
3 Salernitana (2022-2024), Empoli (2024-2025) Junior Sambia
2%
4 Torino (2022-2023), Atalanta (2023-2024), Cagliari (2024-2026) Michel Ndary Adopo
2%
2 Udinese (2020-2022) Sebastien De Maio
2%
1 Lecce (2024-2025) Valentin Gendrey
2%
2 Vérone (2024-2026) Antoine Bernède
0%
1 Parme (2024-2025) Antoine Hainaut
0%
1 Spezia (2021-2022) Aurélien Nguiamba
0%
2 Udinese (2022-2024) Axel Guessand
0%
2 Lecce (2024-2026) Balthazar Pierret
0%
1 Crotone (2020-2021) Emmanuel Rivière
0%
1 Frosinone (2023-2024) Farès Ghedjemis
0%
1 Salernitana (2023-2024) Iron Gomis
0%
1 Sassuolo (2020-2021) Isaac Karamoko
0%
2 Spezia (2021-2022), Sassuolo (2022-2023) Janis Antiste
0%
2 Spezia (2021-2023) Kelvin Amian
0%
2 Salernitana (2023-2024), Lazio (2024-2025) Loum Tchaouna
0%
1 Roma (2024-2025) Lucas Gourna-Douath
0%
1 Salernitana (2021-2022) Lys Mousset
0%
1 Vérone (2024-2025) Mathis Lambourde
0%
1 Parme (2025-2026) Nesta Elphege
0%
1 Genoa (2020-2021) Steeve-Mike Eyango
0%
1 Parme (2020-2021) Vincent Laurini
0%
1 Cagliari (2025-2026) Yael Trepy
0%
1 Vérone (2024-2025) Yllan Okou
0%
Aucun quiz correspondant
Distribution des résultats
% des personnes avec chaque résultat
Percentile par nombre de réponses
Votre historique - résultats
Vous n’avez pas pris ce quiz